Statistics for Religion by Letter - I

Click here to take the quiz!

General Stats

  • This quiz has been taken 56 times
  • The average score is 12 of 16

Answer Stats

HintAnswer% Correct
Religion founded in 622 ADIslam
100%
World's only Jewish countryIsrael
98%
Modern-day country
where Zoroastrianism originated
Iran
95%
Person who leads prayers in a mosqueImam
93%
Name used by 13 "guiltless" PopesInnocent
91%
Country with the most followers
of the above
Indonesia
88%
Egyptian goddess of motherhoodIsis
88%
Dante's version of hellInferno
88%
Catholic institution used to
prosecute heretics
Inquisition
77%
Modern-day name of the capital
of the Orthodox Church
Istanbul
72%
Abraham's first sonIshmael
63%
Ancient Egyptian architect who was
a high priest of the sun god Ra
Imhotep
63%
Conventional religious paintingIcon
63%
Term for the absence of religionIrreligion
35%
Where Inti was once worshipedInca
28%
One of the poisons of BuddhismIgnorance
9%

Score Distribution

Percentile by Number Answered

Percent of People with Each Score

Your Score History

You have not taken this quiz